[Event "KAZ-ch sf"]
[Site "Pavlodar"]
[Date "2016.02.08"]
[Round "3"]
[White "Popov, Dmitriy"]
[Black "Isanzhulov, Arystan"]
[Result "0-1"]
[WhiteElo "2222"]
[BlackElo "1852"]
[PlyCount "102"]
[EventDate "2016.02.05"]
[EventType "swiss"]
[EventRounds "9"]
[EventCountry "KAZ"]
[SourceTitle "CBM 171 Extra"]
[Source "ChessBase"]
[SourceDate "2016.04.26"]
[SourceVersion "1"]
[SourceVersionDate "2016.04.26"]
[SourceQuality "1"]

1. d4 d5 2. c4 e6 3. Nc3 Nf6 4. cxd5 exd5 5. Bg5 Be7 6. e3 c6 7. Bd3 Nbd7 8. Qc2 0-0 9. Nge2 Re8 10. 0-0 Nf8 11. f3 c5 12. Bxf6 Bxf6 13. dxc5 Rxe3 14. Qd2 Re5 15. Ng3 Qa5 16. Kh1 d4 17. Nce4 Qxd2 18. Nxd2 Rxc5 19. Nde4 Rc6 20. Rad1 Be7 21. f4 Be6 22. Ne2 Rd8 23. b3 Bf5 24. h3 Bxe4 25. Bxe4 Re6 26. Bd3 Bf6 27. g4 h6 28. Bc4 Re7 29. f5 a6 30. a4 Nh7 31. Nf4 Re3 32. Kg2 Ng5 33. Rd3 Rde8 34. Nd5 R3e4 35. Rf2 Be5 36. f6 g6 37. a5 Re1 38. h4 Ne4 39. Rff3 Re2+ 40. Kf1 Ra2 41. Kg1 Bh2+ 42. Kf1 Nd2+ 43. Rxd2 Rxd2 44. Ne7+ Kf8 45. h5 gxh5 46. gxh5 Bd6 47. Ng6+ Kg8 48. Nh4 Re3 49. Rxe3 dxe3 50. Be2 Bf4 51. Nf5 Rb2 0-1

[Event "KAZ-ch"]
[Site "Kostanay"]
[Date "2013.04.25"]
[Round "1"]
[White "Popov, Dmitriy"]
[Black "Kazakov, Konstantin"]
[Result "1/2-1/2"]
[WhiteElo "2293"]
[BlackElo "2309"]
[PlyCount "69"]
[EventDate "2013.04.25"]
[EventType "tourn"]
[EventRounds "11"]
[EventCountry "KAZ"]
[EventCategory "3"]
[SourceTitle "CBM 154 Extra"]
[Source "ChessBase"]
[SourceDate "2013.06.25"]
[SourceVersion "2"]
[SourceVersionDate "2013.06.25"]
[SourceQuality "1"]

1. d4 Nf6 2. c4 e6 3. Nc3 Bb4 4. e3 0-0 5. Nge2 d5 6. a3 Bxc3+ 7. Nxc3 b6 8. cxd5 exd5 9. Bd3 c5 10. 0-0 Ba6 11. b4 cxd4 12. Bxa6 Nxa6 13. Qxd4 Nc7 14. Bb2 Ne6 15. Qe5 d4 16. exd4 Qxd4 17. Nb5 Qxe5 18. Bxe5 Ne4 19. Rfe1 Nf6 20. Rad1 Ng4 21. Bg3 Nf6 22. f3 Rfc8 23. Rd2 a6 24. Nd6 Rc3 25. Be5 Rxa3 26. Nc4 Rb3 27. Nxb6 Re8 28. Bxf6 gxf6 29. f4 Kg7 30. f5 Nc7 31. Rxe8 Nxe8 32. Rd4 h5 33. Nd7 Rc3 34. Kf2 Rc6 35. h3 1/2-1/2

[Event "Zudov Memorial-B 6th"]
[Site "Nizhnij Tagil"]
[Date "2010.07.04"]
[Round "9"]
[White "Sufiev, Rinat"]
[Black "Popov, Dmitriy"]
[Result "1/2-1/2"]
[WhiteElo "2200"]
[BlackElo "2349"]
[PlyCount "40"]
[EventDate "2010.06.25"]
[EventType "tourn"]
[EventRounds "9"]
[EventCountry "RUS"]
[SourceTitle "EXT 2011"]
[Source "ChessBase"]
[SourceDate "2010.11.26"]
[SourceVersion "1"]
[SourceVersionDate "2010.11.26"]
[SourceQuality "1"]

1. Nf3 d5 2. d4 Nf6 3. Bg5 Ne4 4. Bf4 c5 5. c3 Qb6 6. Qb3 c4 7. Qxb6 axb6 8. Nbd2 Bf5 9. Nxe4 Bxe4 10. Nd2 Bg6 11. e4 e6 12. Be2 f6 13. exd5 exd5 14. 0-0 h5 15. Rfe1 Kd7 16. Bf3 Bf7 17. b3 cxb3 18. axb3 Na6 19. h4 Bd6 20. Bxd6 Kxd6 1/2-1/2